000 00256nam a22001217a 4500
008 180216b xxu||||| |||| 00| 0 eng d
041 _aeng
080 _a61
100 _a4
101 _ashm
245 _aarthrits what works
_cdava.s
942 _2udc
_cBK
999 _c42785
_d42785